[Event "BEL-ch U20"]
[Site "Worriken Buetgenbach"]
[Date "2004.04.08"]
[Round "6.1"]
[White "Geuquet, Tanguy"]
[Black "Godart, Francois"]
[Result "1/2-1/2"]
[WhiteElo "1908"]
[BlackElo "1828"]
[PlyCount "26"]
[EventDate "2004.04.03"]
[EventType "swiss"]
[EventRounds "9"]
[EventCountry "BEL"]
[SourceTitle "CBM 099 Extra"]
[Source "ChessBase"]
[SourceDate "2004.05.04"]
[SourceVersion "1"]
[SourceVersionDate "2004.05.04"]
[SourceQuality "1"]

1. e4 c5 2. Nf3 a6 3. d4 cxd4 4. Nxd4 d6 5. Nc3 Nf6 6. Bg5 e6 7. f4 Qb6 8. Qd2 Nbd7 9. 0-0-0 Be7 10. Bxf6 Nxf6 11. g4 g6 12. g5 Nh5 13. Be2 Bd7 1/2-1/2